República Dominicana: cuando la xenofobia se institucionaliza /
Spremljeno u:
| Glavni autor: | |
|---|---|
| Format: | Knjiga |
| Jezik: | Spanish |
| Online pristup: | texto completo desde el sitio de la revista |
| Oznake: |
Dodaj oznaku
Bez oznaka, Budi prvi tko označuje ovaj zapis!
|
MARC
| LEADER | 00000nam a22000007a 4500 | ||
|---|---|---|---|
| 003 | cru CIDCACS/IIS | ||
| 005 | 20200205151725.0 | ||
| 007 | ta | ||
| 008 | 200205s2019 ag |||p|r||||||0| ||spa d | ||
| 999 | |c 42925 |d 42925 | ||
| 040 | |c cru CIDCACS/IIS | ||
| 100 | 1 | |9 4701 |a Dilla Alfonso, Haroldo | |
| 245 | 1 | |a República Dominicana: |b cuando la xenofobia se institucionaliza / |c Haroldo Dilla Alfonso | |
| 300 | |a páginas 94-104 | ||
| 773 | 0 | |0 19022 |9 4422 |a Fundación Friedrich Ebert |d Fundación Friedrich Ebert; Nueva Sociedad Buenos Aires, Argentina |o agregar |t Nueva Sociedad / | |
| 856 | |u https://www.nuso.org/media/articles/downloads/6.TC_Dilla_284.pdf |y texto completo desde el sitio de la revista | ||
| 942 | |2 ddc |c PP | ||
